[Event "Cairo Al Ain op"]
[Site "Cairo"]
[Date "2023.12.03"]
[Round "10"]
[White "Nofal, Mohamed"]
[Black "Sameeh, Hany"]
[Result "1/2-1/2"]
[WhiteElo "1935"]
[BlackElo "2026"]
[PlyCount "94"]
[EventDate "2023.11.27"]
[EventType "swiss"]
[EventRounds "10"]
[EventCountry "EGY"]
[SourceTitle "CBM 217 Extra"]
[Source "ChessBase"]
[SourceDate "2024.01.31"]
[SourceVersion "1"]
[SourceVersionDate "2024.01.31"]
[SourceQuality "1"]

1. d4 Nf6 2. Bf4 g6 3. Nc3 d5 4. e3 Bg7 5. h4 h5 6. Nf3 0-0 7. Be2 c5 8. dxc5 Qa5 9. 0-0 Qxc5 10. Qd4 Qa5 11. Qd2 Nc6 12. Ne5 Nxe5 13. Bxe5 Ne4 14. Nxe4 Qxd2 15. Nxd2 Bxe5 16. c3 Bf6 17. g3 e5 18. e4 dxe4 19. Nxe4 Be7 20. Rfd1 Be6 21. Ng5 Bxg5 22. hxg5 Rad8 23. Bf3 b6 24. b3 f6 25. gxf6 Kf7 26. Kf1 Kxf6 27. Rxd8 Rxd8 28. Rd1 Rxd1+ 29. Bxd1 Bf5 30. Bf3 Ke6 31. Ke2 Kd6 32. Ke3 Kc5 33. Be2 a5 34. a3 Kd6 35. b4 Kc6 36. c4 axb4 37. axb4 Kd6 38. f4 Ke6 39. Bf3 Kd6 40. fxe5+ Kxe5 41. c5 bxc5 42. bxc5 Bb1 43. c6 Kd6 44. Kf4 Bd3 45. Kg5 Bc2 46. Kf6 Bd3 47. Kf7 g5 1/2-1/2

[Event "Mahalla op 15th"]
[Site "Mahalla"]
[Date "2014.04.29"]
[Round "7"]
[White "Sameeh, Hany"]
[Black "Eldesoky, Hatem"]
[Result "0-1"]
[WhiteElo "2232"]
[BlackElo "2307"]
[PlyCount "108"]
[EventDate "2014.04.22"]
[EventType "swiss"]
[EventRounds "9"]
[EventCountry "EGY"]
[SourceTitle "EXT 2015"]
[Source "ChessBase"]
[SourceDate "2014.11.20"]
[SourceVersion "1"]
[SourceVersionDate "2014.11.20"]
[SourceQuality "1"]

1. e4 c6 2. d4 d5 3. Nc3 dxe4 4. Nxe4 Bf5 5. Ng3 Bg6 6. h4 h6 7. Nf3 Nd7 8. h5 Bh7 9. Bd3 Bxd3 10. Qxd3 e6 11. Bd2 Qc7 12. 0-0-0 Ngf6 13. Ne4 0-0-0 14. Kb1 c5 15. Nxf6 Nxf6 16. c4 cxd4 17. Nxd4 Bc5 18. Bc3 Qb6 19. Rd2 Rd7 20. Qe3 Rhd8 21. Rhd1 Nxh5 22. Qe5 Nf6 23. f3 Qc7 24. Qxc7+ Kxc7 25. Nb5+ Kc6 26. Rxd7 Rxd7 27. Rxd7 Kxd7 28. b4 Be3 29. c5 a5 30. Nd6 axb4 31. Bxb4 Nd5 32. Ba3 b6 33. cxb6 Nxb6 34. Nxf7 Nc4 35. Bb4 Bf4 36. Kc2 Ne3+ 37. Kd3 Nxg2 38. Bc3 g6 39. Ke4 h5 40. Ne5+ Bxe5 41. Bxe5 g5 42. a4 h4 43. Bh2 Kc6 44. Ke5 Ne1 45. Ke4 Kb6 46. Be5 Ng2 47. Kd3 Ka5 48. Ke2 Kxa4 49. Kf2 Nf4 50. Kg1 Kb4 51. Kf2 Kc4 52. Kg1 Kd3 53. Kh2 Ke3 54. Kg1 Kxf3 0-1

[Event "EGY-ch"]
[Site "Cairo"]
[Date "2013.04.01"]
[Round "7"]
[White "Sameeh, Hany"]
[Black "Ibrahim, Hatim"]
[Result "1/2-1/2"]
[WhiteElo "2272"]
[BlackElo "2391"]
[PlyCount "81"]
[EventDate "2013.03.26"]
[EventType "swiss"]
[EventRounds "9"]
[EventCountry "EGY"]
[SourceTitle "CBM 153 Extra"]
[Source "ChessBase"]
[SourceDate "2013.04.22"]
[SourceVersion "1"]
[SourceVersionDate "2013.04.22"]
[SourceQuality "1"]

1. e4 g6 2. d4 Bg7 3. Nc3 c6 4. Nf3 d5 5. h3 Nh6 6. Bd3 0-0 7. 0-0 f6 8. Ne2 Na6 9. Bd2 Nc7 10. c4 Nf7 11. Qb3 b6 12. Rac1 Bb7 13. a4 e5 14. dxe5 fxe5 15. a5 Ne6 16. cxd5 cxd5 17. a6 Bc8 18. Bb4 Nc5 19. Bxc5 bxc5 20. Rxc5 dxe4 21. Bxe4 Bxa6 22. Bxa8 Qxa8 23. Re1 Kh8 24. Ng3 Bb7 25. Rec1 e4 26. Nh2 Bd4 27. Rb5 Nd6 28. Ng4 Nxb5 29. Qxb5 Qb8 30. Qb4 Bg7 31. Nxe4 a5 32. Qa4 h5 33. Nh2 Qf4 34. Re1 Bxe4 35. Qxe4 Qxf2+ 36. Kh1 Bxb2 37. Rf1 Qc5 38. Rxf8+ Qxf8 39. Qxg6 Qc5 40. Nf3 Bg7 41. Qe8+ 1/2-1/2

[Event "EGY-ch"]
[Site "Cairo"]
[Date "2013.03.30"]
[Round "5"]
[White "Sadek, Sameh"]
[Black "Sameeh, Hany"]
[Result "1-0"]
[WhiteElo "2338"]
[BlackElo "2272"]
[PlyCount "61"]
[EventDate "2013.03.26"]
[EventType "swiss"]
[EventRounds "9"]
[EventCountry "EGY"]
[SourceTitle "CBM 153 Extra"]
[Source "ChessBase"]
[SourceDate "2013.04.22"]
[SourceVersion "1"]
[SourceVersionDate "2013.04.22"]
[SourceQuality "1"]

1. d4 Nf6 2. c4 g6 3. Nc3 d5 4. Bf4 Bg7 5. e3 0-0 6. cxd5 Nxd5 7. Nxd5 Qxd5 8. Bxc7 Nc6 9. Ne2 Bg4 10. f3 Bxf3 11. gxf3 Qxf3 12. Rg1 Qxe3 13. Bf4 Qe4 14. Bg2 Qf5 15. Bxc6 bxc6 16. Rg5 Qd7 17. Qd2 Rad8 18. 0-0-0 Qb7 19. Rc5 Rfe8 20. Qe3 e5 21. dxe5 Rxd1+ 22. Kxd1 Qxb2 23. Qb3 Qxb3+ 24. axb3 h5 25. Kd2 g5 26. Bxg5 Rxe5 27. Rxe5 Bxe5 28. Bf4 f6 29. Bxe5 fxe5 30. Ng3 h4 31. Nf5 1-0

[Event "EGY-ch"]
[Site "Cairo"]
[Date "2013.03.28"]
[Round "3"]
[White "Elgabry, Mohsen"]
[Black "Sameeh, Hany"]
[Result "1/2-1/2"]
[WhiteElo "2360"]
[BlackElo "2272"]
[PlyCount "108"]
[EventDate "2013.03.26"]
[EventType "swiss"]
[EventRounds "9"]
[EventCountry "EGY"]
[SourceTitle "CBM 153 Extra"]
[Source "ChessBase"]
[SourceDate "2013.04.22"]
[SourceVersion "1"]
[SourceVersionDate "2013.04.22"]
[SourceQuality "1"]

1. Nf3 Nf6 2. g3 g6 3. Bg2 Bg7 4. 0-0 0-0 5. c4 d5 6. cxd5 Nxd5 7. Nc3 Nc6 8. d4 Nb6 9. e3 Re8 10. b3 e5 11. dxe5 Nxe5 12. Nxe5 Bxe5 13. Bb2 c6 14. Qc2 Qe7 15. Rfe1 Be6 16. Nd1 Bxb2 17. Nxb2 a5 18. Nd3 Ra7 19. e4 a4 20. b4 a3 21. f4 Bc4 22. Nc5 Bb5 23. e5 Nd5 24. Rab1 Rd8 25. e6 b6 26. exf7+ Qxf7 27. Ne6 Re8 28. Ng5 Qf8 29. Qb3 Rd7 30. Bh3 Rde7 31. Rxe7 Qxe7 32. Be6+ Kg7 33. Bxd5 cxd5 34. Qxd5 Qd7 35. Qxd7+ Bxd7 36. Rb3 h6 37. Nf3 Re7 38. Rxa3 Bh3 39. Nh4 g5 40. fxg5 hxg5 41. g4 Bxg4 42. Rg3 Re4 43. h3 Bxh3 44. Nf3 Bg4 45. Nh2 Be6 46. Rxg5+ Kf6 47. Rb5 Bxa2 48. Rxb6+ Ke7 49. Kf2 Kd7 50. Nf3 Kc7 51. Rb5 Kc6 52. Ra5 Bd5 53. Ra6+ Kc7 54. Ra5 Kc6 1/2-1/2

[Event "EGY-ch"]
[Site "Cairo"]
[Date "2013.03.27"]
[Round "2"]
[White "Hassan, Sayed Barakat"]
[Black "Sameeh, Hany"]
[Result "0-1"]
[WhiteElo "2353"]
[BlackElo "2272"]
[PlyCount "96"]
[EventDate "2013.03.26"]
[EventType "swiss"]
[EventRounds "9"]
[EventCountry "EGY"]
[SourceTitle "CBM 153 Extra"]
[Source "ChessBase"]
[SourceDate "2013.04.22"]
[SourceVersion "1"]
[SourceVersionDate "2013.04.22"]
[SourceQuality "1"]

1. e4 c5 2. Nc3 Nc6 3. Bb5 Nd4 4. Nf3 g6 5. Bc4 Bg7 6. Nxd4 cxd4 7. Qf3 e6 8. Nb5 d6 9. Qa3 Ke7 10. c3 dxc3 11. Nxc3 Qc7 12. d3 Qc5 13. Qb3 Nf6 14. Be3 Qa5 15. Bd2 Qb6 16. Qxb6 axb6 17. Be3 Nd7 18. f4 f5 19. Kd2 fxe4 20. dxe4 Nc5 21. Bd3 Bd7 22. Rhe1 b5 23. e5 Nxd3 24. Kxd3 Bc6 25. Ne4 dxe5 26. Bc5+ Kd7 27. fxe5 Bxe5 28. Ng5 Bxb2 29. Rab1 Bf6 30. Nxe6 Rhe8 31. Rbd1 Bd5 32. Kc2 Rxa2+ 33. Kb1 Ra1+ 34. Kc2 Rxd1 35. Nf8+ Rxf8 36. Rxd1 Rf7 37. Rxd5+ Kc6 38. Rd3 Kxc5 39. Rf3 Rf8 40. Kb3 Bg7 41. Rh3 h6 42. Rg3 g5 43. h4 Be5 44. Re3 Bf4 45. Rc3+ Kb6 46. g3 Bd6 47. h5 Rf1 48. Rc2 Rf3+ 0-1

[Event "EGY-ch"]
[Site "Cairo"]
[Date "2013.03.26"]
[Round "1"]
[White "Sameeh, Hany"]
[Black "Shoker, Samy"]
[Result "1-0"]
[WhiteElo "2272"]
[BlackElo "2480"]
[PlyCount "70"]
[EventDate "2013.03.26"]
[EventType "swiss"]
[EventRounds "9"]
[EventCountry "EGY"]
[SourceTitle "CBM 153 Extra"]
[Source "ChessBase"]
[SourceDate "2013.04.22"]
[SourceVersion "1"]
[SourceVersionDate "2013.04.22"]
[SourceQuality "1"]

1. e4 g6 2. d4 Bg7 3. Nc3 a6 4. f4 d6 5. Nf3 b5 6. Bd3 Nd7 7. Ne2 c5 8. c3 Bb7 9. 0-0 Qb6 10. Kh1 cxd4 11. cxd4 Ngf6 12. Ng3 e5 13. fxe5 dxe5 14. d5 Rc8 15. Qe2 h5 16. Be3 Qd6 17. Rfc1 Nc5 18. Bxb5+ axb5 19. Qxb5+ Nfd7 20. Rxc5 Rxc5 21. Bxc5 Qa6 22. Qxa6 Bxa6 23. Be3 h4 24. Nf1 h3 25. Ng3 hxg2+ 26. Kxg2 0-0 27. Rc1 f5 28. Bg5 Bd3 29. Rc7 Nf6 30. Nxe5 Bxe4+ 31. Nxe4 Nxe4 32. Nxg6 Rb8 33. Ne7+ Kh8 34. Bc1 Bxb2 35. Bf4 Bf6 1-0

[Event "Cairo Egyptian op"]
[Site "Cairo"]
[Date "2011.11.28"]
[Round "9"]
[White "Sameeh, Hany"]
[Black "Labib, Ibrahim Hasan"]
[Result "1-0"]
[WhiteElo "2266"]
[BlackElo "2408"]
[PlyCount "87"]
[EventDate "2011.11.19"]
[EventType "swiss"]
[EventRounds "9"]
[EventCountry "EGY"]
[SourceTitle "CBM 145 Extra"]
[Source "ChessBase"]
[SourceDate "2012.01.03"]
[SourceVersion "1"]
[SourceVersionDate "2012.01.03"]
[SourceQuality "1"]

1. e4 c6 2. d4 d5 3. Nc3 dxe4 4. Nxe4 Bf5 5. Ng3 Bg6 6. h4 h6 7. Nf3 Nd7 8. h5 Bh7 9. Bd3 Bxd3 10. Qxd3 e6 11. Bd2 Ngf6 12. 0-0-0 Be7 13. Qe2 Rc8 14. Kb1 c5 15. dxc5 Rxc5 16. Be3 Ra5 17. Bd4 0-0 18. Ne5 Nxe5 19. Bxe5 Qe8 20. Bc3 Ra6 21. b3 Qc6 22. Bb2 Ra5 23. f4 Nd5 24. Qf3 Qa6 25. a4 f5 26. Ne2 Bf6 27. Bxf6 Rxf6 28. Nc3 Qc6 29. Nxd5 exd5 30. Rhe1 Rc5 31. Rd2 Re6 32. Rxe6 Qxe6 33. Re2 Qd7 34. Re5 b6 35. Qd3 d4 36. Rxc5 bxc5 37. Qc4+ Qf7 38. Qxc5 Qxh5 39. Qxd4 Qh1+ 40. Kb2 Qxg2 41. Qxa7 g5 42. a5 gxf4 43. Qb8+ Kh7 44. Qxf4 1-0

[Event "Mahalla op 13th"]
[Site "Mahalla"]
[Date "2011.07.09"]
[Round "7"]
[White "Sadek, Sameh"]
[Black "Sameeh, Hany"]
[Result "1-0"]
[WhiteElo "2351"]
[BlackElo "2212"]
[PlyCount "103"]
[EventDate "2011.07.04"]
[EventType "swiss"]
[EventRounds "9"]
[EventCountry "EGY"]
[SourceTitle "CBM 143 Extra"]
[Source "ChessBase"]
[SourceDate "2011.08.29"]
[SourceVersion "1"]
[SourceVersionDate "2011.08.29"]
[SourceQuality "1"]

1. d4 Nf6 2. Nf3 g6 3. c4 Bg7 4. Nc3 d5 5. e3 0-0 6. Qb3 dxc4 7. Bxc4 c5 8. dxc5 Qa5 9. Ng5 e6 10. Qb5 Qxb5 11. Bxb5 Bd7 12. Be2 Bc6 13. Bf3 Bxf3 14. gxf3 Rc8 15. Nge4 Nxe4 16. Nxe4 Nd7 17. Ke2 f5 18. Rd1 Rc7 19. c6 bxc6 20. Ng5 Nc5 21. Bd2 h6 22. Rac1 hxg5 23. Rxc5 Bxb2 24. Ba5 Re7 25. Rxc6 Rae8 26. Bd8 Rh7 27. Bxg5 Rxh2 28. Rdd6 Be5 29. Rxe6 Rxe6 30. Rxe6 Bg3 31. Re8+ Kf7 32. Re7+ Kf8 33. Rxa7 Rxf2+ 34. Kd3 Rxf3 35. Ra4 Be5 36. Kc4 Rg3 37. Bh6+ Kf7 38. Kd5 Bc3 39. Ra7+ Kg8 40. Rc7 Ba1 41. a4 Rg2 42. a5 Ra2 43. Ra7 Bf6 44. Ke6 Bc3 45. a6 Ra1 46. Bg5 Ra3 47. Bf6 Bxf6 48. Kxf6 Rxe3 49. Rg7+ Kh8 50. a7 Ra3 51. Rb7 Ra6+ 52. Kg5 1-0

[Event "Mahalla op 13th"]
[Site "Mahalla"]
[Date "2011.07.09"]
[Round "6"]
[White "Sameeh, Hany"]
[Black "Elgabry, Mohsen"]
[Result "1-0"]
[WhiteElo "2212"]
[BlackElo "2333"]
[PlyCount "87"]
[EventDate "2011.07.04"]
[EventType "swiss"]
[EventRounds "9"]
[EventCountry "EGY"]
[SourceTitle "CBM 143 Extra"]
[Source "ChessBase"]
[SourceDate "2011.08.29"]
[SourceVersion "1"]
[SourceVersionDate "2011.08.29"]
[SourceQuality "1"]

1. e4 c5 2. Nf3 a6 3. c4 Nc6 4. d4 cxd4 5. Nxd4 e5 6. Nf5 d6 7. Nc3 Bxf5 8. exf5 Nd4 9. Bd3 Ne7 10. Be4 Rb8 11. Qd3 Qd7 12. g4 g6 13. f6 Nec6 14. h3 Qe6 15. Nd5 Qc8 16. 0-0 Nd8 17. Bg2 N8e6 18. Be3 g5 19. Rfe1 Kd8 20. Rac1 h5 21. b4 hxg4 22. hxg4 b6 23. f3 Qb7 24. Kf2 b5 25. Qe4 bxc4 26. Rxc4 Qb5 27. Rec1 Rh2 28. Kg3 Rh6 29. Bf1 Qb7 30. Bxd4 exd4 31. Qf5 Rh1 32. Kg2 Rxf1 33. Kxf1 a5 34. Kf2 Qa7 35. Kg3 a4 36. Rc6 a3 37. Qc2 Kd7 38. Qc4 Nc5 39. Rc7+ Qxc7 40. Nxc7 d5 41. Nxd5 Bd6+ 42. Kg2 d3 43. bxc5 Rb2+ 44. Kg1 1-0

[Event "Cairo Heliopolis op 2nd"]
[Site "Cairo"]
[Date "2010.05.31"]
[Round "2"]
[White "Sameeh, Hany"]
[Black "Mansour, Salah"]
[Result "0-1"]
[WhiteElo "2259"]
[BlackElo "2156"]
[PlyCount "94"]
[EventDate "2010.05.30"]
[EventType "swiss"]
[EventRounds "9"]
[EventCountry "EGY"]
[SourceTitle "EXT 2011"]
[Source "ChessBase"]
[SourceDate "2010.11.26"]
[SourceVersion "1"]
[SourceVersionDate "2010.11.26"]
[SourceQuality "1"]

1. e4 c5 2. Nf3 Nc6 3. d4 cxd4 4. Nxd4 Nf6 5. Nc3 d6 6. Bg5 e6 7. Qd2 a6 8. 0-0-0 Bd7 9. f4 h6 10. Bh4 Be7 11. Kb1 b5 12. Bxf6 gxf6 13. f5 Qb6 14. Nxc6 Bxc6 15. Bd3 0-0-0 16. Rhf1 b4 17. Ne2 e5 18. Ng3 d5 19. exd5 Bxd5 20. Qe2 Bb7 21. Bc4 Qc6 22. Rc1 Rd4 23. Bxf7 Qxg2 24. Rf2 Qh3 25. Bc4 Qg4 26. Bxa6 Qxe2 27. Bxb7+ Kxb7 28. Rxe2 Rf4 29. c3 h5 30. Re4 Rxe4 31. Nxe4 bxc3 32. Rxc3 h4 33. Kc2 Rg8 34. Rf3 Kc6 35. Kd3 Rg2 36. Rf2 h3 37. a3 Bc5 38. Rc2 Rxc2 39. Kxc2 Bg1 40. Kd3 Bxh2 41. Nxf6 Bg1 42. Ne4 h2 43. Ng3 Kd5 44. Ke2 e4 45. Kf1 Bd4 46. b4 Be5 47. Nh1 Kc4 0-1

[Event "Tanta op 6th"]
[Site "Tanta"]
[Date "2003.12.16"]
[Round "9"]
[White "Sarwat, Walaa"]
[Black "Sameeh, Hany"]
[Result "0-1"]
[WhiteElo "2325"]
[BlackElo "2289"]
[PlyCount "84"]
[EventDate "2003.12.07"]
[EventType "swiss"]
[EventRounds "9"]
[EventCountry "EGY"]
[SourceTitle "CBM 097 Extra"]
[Source "ChessBase"]
[SourceDate "2004.01.13"]
[SourceVersion "1"]
[SourceVersionDate "2004.01.13"]
[SourceQuality "1"]

1. e4 c5 2. Nf3 d6 3. d4 cxd4 4. Nxd4 Nf6 5. Nc3 Nc6 6. Bg5 e6 7. Qd2 a6 8. 0-0-0 Be7 9. f3 Nxd4 10. Qxd4 b5 11. Kb1 Bb7 12. g4 0-0 13. h4 Rc8 14. h5 Nxe4 15. Nxe4 Bxg5 16. Qxd6 Be7 17. Qxd8 Rfxd8 18. Be2 f5 19. gxf5 exf5 20. Ng3 g6 21. hxg6 hxg6 22. Rdg1 Rc5 23. Nh5 g5 24. Re1 Rd7 25. Rhg1 Kf7 26. f4 Be4 27. fxg5 Rxc2 28. g6+ Kg8 29. Ka1 Rdd2 30. Bg4 Rg2 31. Rxg2 Rxg2 32. Bd1 Rxg6 33. Nf4 Rh6 34. Bb3+ Kh7 35. Nd5 Bg5 36. a4 bxa4 37. Bc4 Rc6 38. Ba2 Rc5 39. Rd1 a3 40. bxa3 Kg6 41. Kb2 f4 42. Nb4 a5 0-1

[Event "Tanta op 6th"]
[Site "Tanta"]
[Date "2003.12.07"]
[Round "1"]
[White "Sameeh, Hany"]
[Black "Nanu, Ciprian Costica"]
[Result "1-0"]
[WhiteElo "2289"]
[BlackElo "2463"]
[PlyCount "115"]
[EventDate "2003.12.07"]
[EventType "swiss"]
[EventRounds "9"]
[EventCountry "EGY"]
[SourceTitle "CBM 097 Extra"]
[Source "ChessBase"]
[SourceDate "2004.01.13"]
[SourceVersion "1"]
[SourceVersionDate "2004.01.13"]
[SourceQuality "1"]

1. e4 c6 2. d4 d5 3. Nc3 dxe4 4. Nxe4 Bf5 5. Ng3 Bg6 6. Nf3 Nd7 7. h4 h6 8. h5 Bh7 9. Bd3 Bxd3 10. Qxd3 e6 11. Bd2 Ngf6 12. 0-0-0 Be7 13. Ne4 0-0 14. Kb1 c5 15. dxc5 Nxc5 16. Nxf6+ Bxf6 17. Qxd8 Rfxd8 18. Be3 Ne4 19. Rxd8+ Bxd8 20. c3 Nf6 21. Bd4 Bc7 22. Bxf6 gxf6 23. Ne1 Rd8 24. Kc2 f5 25. Nd3 e5 26. Re1 e4 27. Nc1 Bb6 28. f3 e3 29. Rd1 Re8 30. Ne2 Kg7 31. Rd5 Kf6 32. f4 Rg8 33. g3 Rc8 34. Kd3 Rc6 35. b4 Ke6 36. c4 f6 37. a4 a5 38. b5 Rc7 39. Nd4+ Bxd4 40. Rxd4 Rg7 41. c5 Rc7 42. Rd6+ Ke7 43. Rb6 Rxc5 44. Rxb7+ Ke6 45. Rb6+ Ke7 46. Ra6 Rc4 47. Rxa5 Rb4 48. Ra6 Rb3+ 49. Ke2 Kf7 50. Kf3 Ke7 51. b6 Kd6 52. a5 Kd5 53. Ra7 e2+ 54. Kxe2 Rxg3 55. Rd7+ Kc6 56. Rc7+ Kd6 57. a6 Rb3 58. a7 1-0

[Event "Golden Cleopatra op 7th"]
[Site "Cairo"]
[Date "2003.06.08"]
[Round "7"]
[White "Al Qudaimi, Basheer"]
[Black "Sameeh, Hany"]
[Result "1/2-1/2"]
[WhiteElo "2385"]
[BlackElo "2311"]
[PlyCount "117"]
[EventDate "2003.06.03"]
[EventType "swiss"]
[EventRounds "10"]
[EventCountry "EGY"]
[SourceTitle "CBM 094 Extra"]
[Source "ChessBase"]
[SourceDate "2003.07.09"]
[SourceVersion "2"]
[SourceVersionDate "2003.07.09"]
[SourceQuality "1"]

1. e4 c5 2. Nf3 d6 3. d4 cxd4 4. Nxd4 Nf6 5. Nc3 Nc6 6. Be2 g6 7. Be3 Bg7 8. 0-0 0-0 9. h3 d5 10. Nxc6 bxc6 11. e5 Nd7 12. f4 e6 13. Na4 f6 14. exf6 Bxf6 15. c3 e5 16. fxe5 Bxe5 17. Rxf8+ Nxf8 18. Qd2 Qh4 19. Bd4 Bf4 20. Qe1 Bg3 21. Qd1 Ne6 22. Be3 Bd6 23. Bf2 Qf4 24. g3 Qe5 25. Bg4 h5 26. Bxe6+ Bxe6 27. Qd3 Qg5 28. h4 Qg4 29. Re1 Bf5 30. Qd1 Qh3 31. Qf3 Rf8 32. Qg2 Qg4 33. Nc5 Qc4 34. Ne6 Rf6 35. Nd4 Bd7 36. Re3 Qxa2 37. Rf3 Qb1+ 38. Kh2 Rxf3 39. Qxf3 Be5 40. Qe3 Bf6 41. Nxc6 Bxc6 42. Qe6+ Kg7 43. Qxc6 Qxb2 44. Qc7+ Kg8 45. Qc8+ Kh7 46. Kg2 Bxc3 47. Qd7+ Bg7 48. Qxd5 Qa1 49. g4 hxg4 50. h5 Qa3 51. hxg6+ Kh6 52. Qe6 Qf3+ 53. Kg1 a5 54. Qe7 Kxg6 55. Qe8+ Kg5 56. Qd8+ Kg6 57. Qe8+ Kh7 58. Qh5+ Kg8 59. Qe8+ 1/2-1/2

[Event "EGY-ch 3rd Stage"]
[Site "Cairo"]
[Date "2003.02.04"]
[Round "10"]
[White "Sameeh, Hany"]
[Black "El Gindy, Essam"]
[Result "1/2-1/2"]
[WhiteElo "2369"]
[BlackElo "2467"]
[PlyCount "34"]
[EventDate "2003.01.25"]
[EventType "tourn"]
[EventRounds "11"]
[EventCountry "EGY"]
[EventCategory "5"]
[SourceTitle "CBM 092 Extra"]
[Source "ChessBase"]
[SourceDate "2003.03.07"]
[SourceVersion "1"]
[SourceVersionDate "2003.03.07"]
[SourceQuality "1"]

1. e4 e6 2. d4 d5 3. e5 c5 4. c3 Nc6 5. Nf3 Qb6 6. Bd3 cxd4 7. cxd4 Bd7 8. 0-0 Nxd4 9. Nxd4 Qxd4 10. Nc3 Qxe5 11. Re1 Qd6 12. Nb5 Qb6 13. Be3 Qa5 14. Bd2 Qb6 15. Be3 Qa5 16. Bd2 Qb6 17. Be3 Qa5 1/2-1/2

[Event "EGY-ch 3rd Stage"]
[Site "Cairo"]
[Date "2003.02.02"]
[Round "8"]
[White "Ahmed, Esam Aly"]
[Black "Sameeh, Hany"]
[Result "1-0"]
[WhiteElo "2395"]
[BlackElo "2369"]
[PlyCount "122"]
[EventDate "2003.01.25"]
[EventType "tourn"]
[EventRounds "11"]
[EventCountry "EGY"]
[EventCategory "5"]
[SourceTitle "CBM 092 Extra"]
[Source "ChessBase"]
[SourceDate "2003.03.07"]
[SourceVersion "1"]
[SourceVersionDate "2003.03.07"]
[SourceQuality "1"]

1. e4 c5 2. Nf3 d6 3. Bb5+ Bd7 4. Bxd7+ Qxd7 5. 0-0 Nc6 6. c3 Nf6 7. Re1 e6 8. d3 Be7 9. Nbd2 0-0 10. d4 cxd4 11. cxd4 Rac8 12. Qb3 Qc7 13. d5 exd5 14. exd5 Na5 15. Qd3 Rfe8 16. Nf1 Qc4 17. Rd1 Qxd3 18. Rxd3 Ne4 19. Be3 a6 20. b3 Bf6 21. Re1 Bd8 22. Bd4 Nf6 23. Rde3 Rf8 24. Rd3 b5 25. Ne3 g6 26. h3 Re8 27. g3 Ne4 28. Kg2 Nb7 29. b4 a5 30. Rb1 a4 31. Rdd1 Bf6 32. Rbc1 Bxd4 33. Rxc8 Rxc8 34. Nxd4 Nd8 35. Nxb5 Rb8 36. Rd4 f5 37. Na3 Nc3 38. Rd2 Nf7 39. b5 Ne5 40. f3 Nd7 41. Rb2 Kf7 42. Nec4 Ke7 43. Na5 Kf6 44. Nc6 Rb6 45. Nd4 Ke5 46. Rd2 Kf6 47. Nc4 Rb8 48. Nxd6 Nb6 49. Nc6 Rf8 50. Nb4 Ke5 51. Nb7 Nbxd5 52. f4+ Ke6 53. Nc5+ Kd6 54. Nxd5 Nxd5 55. Nxa4 Ke6 56. Nc5+ Kd6 57. Na6 Ke6 58. a4 Rc8 59. a5 Rc1 60. b6 Ne3+ 61. Kf2 Nc4 1-0

[Event "EGY-ch 3rd Stage"]
[Site "Cairo"]
[Date "2003.01.29"]
[Round "5"]
[White "Sameeh, Hany"]
[Black "Sarwat, Walaa"]
[Result "1/2-1/2"]
[WhiteElo "2369"]
[BlackElo "2371"]
[PlyCount "138"]
[EventDate "2003.01.25"]
[EventType "tourn"]
[EventRounds "11"]
[EventCountry "EGY"]
[EventCategory "5"]
[SourceTitle "CBM 092 Extra"]
[Source "ChessBase"]
[SourceDate "2003.03.07"]
[SourceVersion "1"]
[SourceVersionDate "2003.03.07"]
[SourceQuality "1"]

1. e4 e5 2. Nf3 Nc6 3. Bb5 a6 4. Ba4 Nf6 5. 0-0 Be7 6. Re1 b5 7. Bb3 d6 8. c3 0-0 9. h3 Nd7 10. d4 Nb6 11. a4 Nxa4 12. Bxa4 bxa4 13. Rxa4 Bf6 14. d5 Ne7 15. c4 Ng6 16. Nc3 Re8 17. Be3 Nf4 18. Bxf4 exf4 19. c5 Rb8 20. Qd2 g5 21. Nd4 Bxd4 22. Rxd4 Qf6 23. cxd6 cxd6 24. Rc4 Qe5 25. Qe2 Kg7 26. Rc7 Kg6 27. Rd1 h5 28. f3 Kf6 29. Qf2 Kg6 30. Rd2 Re7 31. Rxe7 Qxe7 32. Ne2 Qe5 33. Nd4 Qf6 34. Nc6 Rb5 35. Rc2 Kg7 36. Qd2 g4 37. hxg4 hxg4 38. fxg4 Bxg4 39. b4 f3 40. Qe3 Kf8 41. Rf2 Qg6 42. Qf4 a5 43. Ra2 Bh5 44. Kh2 axb4 45. gxf3 b3 46. Ra8+ Kg7 47. Ne7 b2 48. Nxg6 b1Q 49. Nh4 Rb2+ 50. Ng2 Qf1 51. Qg3+ Bg6 52. Qh3 Bh5 53. Qg3+ Bg6 54. f4 Rb1 55. Qc3+ f6 56. Ra7+ Bf7 57. Qg3+ Kf8 58. Ra8+ Ke7 59. Ra7+ Kf8 60. Ra8+ Ke7 61. Qc3 Qh1+ 62. Kg3 Rb7 63. Rc8 Qb1 64. Rc7+ Rxc7 65. Qxc7+ Ke8 66. Qc4 Ke7 67. Qc7+ Ke8 68. Qc6+ Ke7 69. Qc7+ Ke8 1/2-1/2

[Event "EGY-ch 3rd Stage"]
[Site "Cairo"]
[Date "2003.01.28"]
[Round "4"]
[White "Hassan, Sayed Barakat"]
[Black "Sameeh, Hany"]
[Result "1/2-1/2"]
[WhiteElo "2353"]
[BlackElo "2369"]
[PlyCount "108"]
[EventDate "2003.01.25"]
[EventType "tourn"]
[EventRounds "11"]
[EventCountry "EGY"]
[EventCategory "5"]
[SourceTitle "CBM 092 Extra"]
[Source "ChessBase"]
[SourceDate "2003.03.07"]
[SourceVersion "1"]
[SourceVersionDate "2003.03.07"]
[SourceQuality "1"]

1. e4 c5 2. Nf3 d6 3. d4 cxd4 4. Nxd4 Nf6 5. Nc3 Nc6 6. Bg5 e6 7. Qd2 a6 8. 0-0-0 Nxd4 9. Qxd4 Be7 10. f4 b5 11. Bxf6 gxf6 12. e5 d5 13. f5 0-0 14. Bd3 fxe5 15. Qxe5 Bf6 16. Qg3+ Kh8 17. Qh3 Ra7 18. Rhf1 b4 19. fxe6 fxe6 20. Ne2 Qc7 21. Qh6 Qg7 22. Qxg7+ Rxg7 23. Ng3 Kg8 24. Rxf6 Rxf6 25. Nh5 Rh6 26. Nxg7 Kxg7 27. h3 e5 28. Be2 Bb7 29. Bf3 Rd6 30. c4 bxc3 31. bxc3 Bc6 32. Kb2 Kf6 33. Ka3 a5 34. Rf1 Kg5 35. Bg4 Rf6 36. h4+ Kg6 37. Rxf6+ Kxf6 38. Kb3 e4 39. Kc2 Ke5 40. g3 d4 41. cxd4+ Kxd4 42. Kd2 Bd5 43. a3 Bc4 44. Bd1 e3+ 45. Ke1 Bd3 46. Bf3 Kc3 47. Bd1 Kb2 48. a4 Kc3 49. g4 Kd4 50. g5 Ke5 51. h5 Kf4 52. Be2 Bf5 53. g6 hxg6 54. hxg6 Bxg6 1/2-1/2

[Event "Olympiad-35"]
[Site "Bled"]
[Date "2002.10.30"]
[Round "5.4"]
[White "Thorhallsson, Throstur"]
[Black "Sameeh, Hany"]
[Result "1/2-1/2"]
[WhiteElo "2443"]
[BlackElo "2375"]
[PlyCount "91"]
[EventDate "2002.10.26"]
[EventType "team-swiss"]
[EventRounds "14"]
[EventCountry "SLO"]
[SourceTitle "EXT 2003"]
[Source "ChessBase"]
[SourceDate "2002.11.25"]
[SourceVersion "1"]
[SourceVersionDate "2002.11.25"]
[SourceQuality "1"]
[WhiteTeam "Iceland"]
[BlackTeam "Egypt"]
[WhiteTeamCountry "ISL"]
[BlackTeamCountry "EGY"]

1. e4 c5 2. Nf3 d6 3. d4 cxd4 4. Nxd4 Nf6 5. Nc3 Nc6 6. Be3 Ng4 7. Bb5 Nxe3 8. fxe3 Bd7 9. 0-0 e6 10. Bxc6 bxc6 11. Qf3 Qf6 12. Qe2 Qg5 13. Nf3 Qd8 14. Rad1 Be7 15. Na4 Qa5 16. b3 0-0 17. Qd3 c5 18. Nb2 Bb5 19. Nc4 Qc7 20. Rfe1 Rad8 21. a4 Ba6 22. Qc3 Bb7 23. Ncd2 Bf6 24. Qc4 a5 25. Qe2 Ra8 26. Qd3 Rfd8 27. c4 Qc6 28. h3 Rab8 29. Rf1 Qb6 30. Nh2 Be7 31. Rf2 Rf8 32. Nhf3 Bc6 33. Ne1 Qb7 34. Nc2 Rbd8 35. Na3 Bf6 36. Rdf1 Be5 37. Nb5 g6 38. Qc2 f5 39. exf5 Rxf5 40. Rxf5 exf5 41. Nf3 Bf6 42. Qxf5 gxf5 43. Rd1 Be5 44. Kh1 Qb6 45. Nxd6 Qb5 46. Nxb5 1/2-1/2